| 000 | 01118cam a22003134a 4500 | ||
|---|---|---|---|
| 001 | 12685277 | ||
| 005 | 20201128020717.0 | ||
| 008 | 020215r20032002njua b 001 0 eng | ||
| 010 | _a 2002022685 | ||
| 020 | _a9780273695196 | ||
| 035 | _a(DLC) 2002022685 | ||
| 035 | _a(DLC)1198 | ||
| 040 |
_aDLC _cDLC _dDLC |
||
| 042 | _apcc | ||
| 050 | 0 | 0 |
_aTS155 _b.S563 2003 |
| 082 | 0 | 0 |
_221 _a658.5 _bSLA |
| 100 | 1 |
_aSlack, Nigel. _92896 |
|
| 245 | 1 | 0 |
_aOperations strategy / _cNigel Slack, Michael Lewis. |
| 250 | _a2nd ed. | ||
| 260 |
_aUpper Saddle River, N.J. : _bPrentice Hall, _cc2008. |
||
| 300 |
_axxiv, 470 p. : _bill. ; _c26 cm. |
||
| 500 | _aOriginally published: New York : Financial Times Prentice Hall, 2002. | ||
| 504 | _aIncludes bibliographical references and index. | ||
| 650 | 0 |
_aProduction management. _92897 |
|
| 700 | 1 |
_aLewis, Michael. _92898 |
|
| 856 | 4 | 1 |
_3Table of contents _uhttp://www.loc.gov/catdir/toc/fy033/2002022685.html |
| 942 |
_2ddc _cBB |
||
| 999 |
_c11134 _d11134 |
||